Idea general de la naturaleza y aplicaciones del cálculo infinitesimal : (Record no. 41586)

MARC details
000 -LEADER
campo de control de longitud fija 00935nam a2200229 i 4500
001 - NÚMERO DE CONTROL
campo de control 41586
003 - IDENTIFICADOR DE NÚMERO DE CONTROL
campo de control ES-MaACL
005 - FECHA Y HORA DE LA ÚLTIMA TRANSACCIÓN
campo de control 20250903005837.0
007 - CAMPO FIJO DE DESCRIPCIÓN FÍSICA--INFORMACIÓN GENERAL
campo de control de longitud fija t|
008 - DATOS DE LONGITUD FIJA--INFORMACIÓN GENERAL
campo de control de longitud fija 030311s1873 sp ||||1| spa d
080 ## - NÚMERO DE LA CLASIFICACIÓN DECIMAL UNIVERSAL
Número de la Clasificación Decimal Universal 517
100 1# - ENTRADA PRINCIPAL--NOMBRE DE PERSONA
Nombre de persona Cassinello, Pelegrín
9 (RLIN) 36359
245 10 - MENCIÓN DEL TÍTULO
Título Idea general de la naturaleza y aplicaciones del cálculo infinitesimal :
Resto del título discurso aprobado en la Universidad Central al recibir el grado de doctor en la Facultad de Ciencias (Sección Exactas) /
Mención de responsabilidad, etc. Pelegrín Cassinello.
260 ## - PUBLICACIÓN, DISTRIBUCIÓN, ETC.
Lugar de publicación, distribución, etc. Madrid :
Nombre del editor, distribuidor, etc. [s.n.],
Fecha de publicación, distribución, etc. 1873 (
Fabricante Imp. de Andrés Orejas)
300 ## - DESCRIPCIÓN FÍSICA
Extensión 64 p. ;
Dimensiones 24 cm.
530 ## - NOTA DISPONIBLE DE FORMULARIO FÍSICO ADICIONAL
Nota de formato físico adicional disponible Disponible en formato digital.
650 #7 - PUNTO DE ACCESO ADICIONAL DE MATERIA--TÉRMINO DE MATERIA
Término de materia o nombre geográfico como elemento de entrada Cálculo
Fuente del encabezamiento o término embne
9 (RLIN) 10668
710 2# - ENTRADA AGREGADA--NOMBRE DE ENTIDAD CORPORATIVA
Nombre de entidad corporativa o nombre de jurisdicción como elemento de entrada Universidad Central (Madrid).
Unidad subordinada Facultad de Ciencias.
9 (RLIN) 7088
852 4# - LOCALIZACIÓN
Ubicación ES-MaACL
Número de control de estantería T-152-F-1
856 4# - LOCALIZACIÓN Y ACCESO ELECTRÓNICOS
Identificador Uniforme de Recursos <a href="http://bdh-rd.bne.es/viewer.vm?id=0000125190&page=1 ">http://bdh-rd.bne.es/viewer.vm?id=0000125190&page=1 </a>
Nota pública Biblioteca Digital Hispánica
Holdings
Estatus retirado Estado de pérdida Estado de daño No para préstamo Colección Biblioteca de origen Biblioteca actual Ubicación en estantería Fecha de adquisición Fuente de adquisición Total de préstamos Signatura topográfica completa Código de barras Visto por última vez Precio de reemplazo Tipo de ítem Koha
        Colección de folletos Biblioteca del Ateneo de Madrid Biblioteca del Ateneo de Madrid Depósito folletos 17/01/2008     T-152-F-1 1043780 23/02/2023 23/02/2023 Folleto